| 000 | 00513nam a2200193Ia 4500 | ||
|---|---|---|---|
| 003 | OSt | ||
| 005 | 20250123105834.0 | ||
| 008 | 210716s1979 xx 000 0 und d | ||
| 040 | _cAIMIT LIBRARY | ||
| 041 | _aeng | ||
| 082 |
_a808.83 _21 _bROGR |
||
| 100 |
_aRogers, Rosemary. _9194772 |
||
| 245 |
_aInsiders / _cBy Rosemary Rogers. |
||
| 250 | _a1st ed. | ||
| 260 |
_aNew York : _bAvon Books ; _c1979. |
||
| 300 |
_a249p. ; _bPB _c21 cm. |
||
| 650 |
_aNovels _9194773 |
||
| 942 |
_2ddc _cBK _e1st ed. _k808.83 ROGR |
||
| 999 |
_c199959 _d199959 |
||